BOTW enemies Sudden Death - Statistics

General Stats
  • This quiz has been taken 96 times
  • The average score is 4 of 13
Answers on the Grid
Answers color-coded by a green-red scale on the quiz's grid according to % correct below.
Hoardblin
Moblin
Electric Lizalfos
Frostblight Ganon
Guardian Scout V
Hinox
Marudo Wolf
Blue stalkoblin
Stalmoblin
Guardian Walker
Dark Beast Ganon
Electricblight Ganon
Miniblin
Fire Hinox
Malice Eyeball
Waterblight Ganon
Guardian Scout IV
Flowerblight Ganon
Molduqueen
Ice Bokoblin
Kaz Koshika
Malice Lynel
Bokoblin
Lynel
Thunder Gleeok
Flameblight Ganon
Thunder Talus
Blizzrobe
Water Wizzrobe
Igneo Talus Titan
Dinraal
Frost Talus Titan
 
Answer Stats
Answer % Correct
Moblin
89%
Electric Lizalfos
78%
Hinox
57%
Dark Beast Ganon
35%
Stalmoblin
35%
Bokoblin
24%
Lynel
22%
Waterblight Ganon
19%
Blizzrobe
14%
Guardian Scout IV
14%
Kaz Koshika
14%
Dinraal
11%
Igneo Talus Titan
5%
No matching quizzes found
Score Distribution
Percent of People with Each Score
Percentile by Number Answered
Your Score History
You have not taken this quiz